Responses for show #8339 - Thursday, February 18, 2021

Contestants

Leah Friedman, a content marketer originally from Philadelphia, Pennsylvania

Alan Johnson, a software engineering manager from Metuchen, New Jersey

Andy West, a medical information officer from Fishersville, Virginia (whose 1-day cash winnings total $1,999)

Jeopardy! Round responses

ALL FAIRS
GLOVE
WAR
WORDS BORROWED FROM JAPANESE
SITCOMS BY CHARACTERS
TYPES OF NARRATIVE LITERATURE
    $200 29
London

Alan
    $200 21
opera

Leah
    $200 27
Sweden

Alan
    $200 23
tsunami

Leah
    $200 1
The Office

Leah
    $200 10
(Leah: What is a novella?)

a short story

AndyLeah
    $400 28
the Eiffel Tower

Alan
    $400 13
the Golden Gloves

Alan
    $400 26
the Spanish Civil War

Andy
    $400 8
(Leah: What is samurai?)

ninja

AndyLeah
    $400 2
The Conners

Leah
    $400 11
a parable

Alan
    $2,400 14
(Ken: Alan?)
(Alan: What is the main galley?)

the midway

Alan
    $600 12
latex

Andy
    $600 6
(Andy: What is Bolivia?)

Paraguay

AndyAlan
    $600 9
karaoke

Andy
    $600 3
(Leah: What is Hangin' with Mr. Cooper?)
(Andy: What is Boy Meets World?)

Young Sheldon

AndyLeah
Triple Stumper
    $600 16
a tall tale

Alan
    $800 15
(Leah: What are The Jetsons?)

Futurama

AndyLeah
    $800 22
(Andy: What is [**]?)
(Ken: That's right, [*].)

falconry

Andy
    $800 7
Succession

Andy
    $800 17
sensei

Andy
    $800 4
It's Always Sunny in Philadelphia

Leah
    $800 18
fan fiction

Leah
    $1000 20
an electron microscope

Andy
    $1000 30
a gauntlet

Leah
    $1000 25
Bismarck

Triple Stumper
    $1000 24
matcha

Alan
    $1000 5
Living Single

Alan
    $1000 19
(Leah: What is linear? [*].)

nonlinear

Leah

Scores at the first commercial break (after clue 15):

Andy Alan Leah
$2,200 $0 -$600

Scores at the end of the Jeopardy! Round:

Andy Alan Leah
$5,200 $2,400 $2,600

Double Jeopardy! Round responses

I HEAR VOICES
FACTS ABOUT COUNTRIES
A "GRAPHY" DESCRIPTION
PULITZER PRIZE WINNERS
POTPOURRI
A DEFINING MOMENT
(Ken: You'll need to name these words given their definition in Merriam-Webster's dictionary.)
    $400 27
Planters

Alan
    $400 21
St. Patrick's Day

Alan
    $400 2
a bibliography

Alan
    $400 28
(Andy: What is political? Or [*]?)

Editorial

Andy
    $400 3
(Leah: What's a parable?)

a gospel

AlanLeah
    $400 11
mutiny

Leah
    $800 6
Billy Crystal

Alan
    $800 1
(Leah: What is Venezuela?)

Cuba

AndyLeah
    $800 5
cartography

Andy
    $800 29
(Thornton) Wilder

Leah
    $800 10
brown

Alan
    $800 12
triage

Alan
    $1200 7
Vin Scully

Leah
    $3,000 4
Ecuador

Alan
    $1200 13
calligraphy

Andy
    $1200 30
Kendrick Lamar

Alan
    $1200 22
spurs

Andy
    $1200 14
macrame

Andy
    $1600 9
James Earl Jones

Alan
    $1600 19
(Alan: What is West Pakistan?)
...
(Ken: [Laughs] You didn't seem sure, but yes, that's correct; Alan helped you out.)

East Pakistan

AlanLeah
    $1600 15
cinematography

Leah
    $3,000 16
Mussolini

Leah
    $1600 25
air traffic controllers

Alan
    $1600 23
(Andy: What is vox populus?)

vox populi

AndyAlan
    $2000 8
Julie Andrews

Leah
    $2000 20
Nigeria

Alan
    $2000 18
tomography

Alan
    $2000 17
(Leah: What is the OK Corral?)

Appomattox

Leah
Triple Stumper
    $2000 26
(Leah: What is Prosecco?)

Asti

Leah
Triple Stumper
    $2000 24
(Leah: What is a convention?)

a caucus

Leah
Triple Stumper

Scores at the end of the Double Jeopardy! Round:

Andy Alan Leah
$9,200 $17,800 $6,000

[wagering suggestions for these scores]

Final Jeopardy! Round responses

19th CENTURY PRESIDENTIAL CAMPAIGNS
(Ken: If this candidate had won, it would have been very good for the silver industry.)
...
(Ken: [To Andy] Who is...)
(Andy: William Jennings Bryant?)
...
(Ken: We can't accept that because of the extra "T" you added to [*]'s name.)
...
(Ken: [To Alan] Halfway done writing "Garfield".)
LeahWho is Johnson?
$5,000
AndyWho is William Jennings Bryant
$8,601
AlanWho is Garfi
$3,000
William Jennings Bryan

Final scores:

Andy Alan Leah
$599 $14,800 $1,000
3rd place: $1,000 New champion: $14,800 2nd place: $2,000

Game dynamics:

Coryat scores:

Andy Alan Leah
$9,200 $18,400 $4,600
16 R,
3 W
23 R
(including 1 DD),
2 W
(including 1 DD)
15 R
(including 1 DD),
9 W

Combined Coryat: $32,200

The J! Archive is created by fans, for fans. The Jeopardy! game show and all elements thereof, including but not limited to copyright and trademark thereto, are the property of Jeopardy Productions, Inc. and are protected under law. This website is not affiliated with, sponsored by, or operated by Jeopardy Productions, Inc. Join the discussion at JBoard.tv.